000 00717cab a2200217 4500
001 WB3522-06
008 090401t1999 xxu||||| |||| 00| 0 eng d
035 _a(Sirsi) u93891
041 _aeng
245 _aHSC seeks white asbestos ban
260 _c1999
350 _a0
490 _aBuilding Trade and Industry
_v15(6) June 1999, 3(1)
520 _aThe Health and Safety Commission (HSC) has recommended a total ban on the importation, supply and use of white asbestos.
650 _aMANAGEMENT-HEALTH AND SAFETY-HAZARDOUS SUBSTANCES-ASBESTOS
650 _aHEALTH AND SAFETY COMMISSION
650 _aWHITE ASBESTOS
690 _aBUILDING AND CONSTRUCTION-MATERIALS
942 _n0
948 _c11/06/1999
999 _c59505
_d59505